02075nam a2200409 a 4500001001200000003000800012006001900020007001500039008004100054010001700095020004600112020004400158020001800202020002700220040002100247035002100268041001800289050002200307082001500329111010400344245031000448260005500758300002400813490015200837504005100989533015201040546003301192650003801225655002901263700002301292700002201315700002001337700002201357710001701379830014301396856012601539ebr10509412CaPaEBRm u cr cn|||||||||950511s1995 ne a sb 101 0 eng d z 95000273  z9027245657 (Eur. : hardback : alk. paper) z1556196148 (US : hardback : alk. paper) z9789027245656 z9789027276377 (e-book) aCaPaEBRcCaPaEBR a(OCoLC)7564846060 aengafreager14aP21b.I557 1993eb04a410/.92202 aInternational Conference on the History of the Language Sciencesn(6th :d1993 :cWashington, D.C.)10aHistory of linguistics, 1993h[electronic resource] :bpapers from the Sixth International Conference on the History of the Language Sciences (ICHoLS VI), Washington, D.C., 9-14 August 1993 /cedited by Kurt R. Jankowsky, editorial advisory committee, E.F. Konrad Koerner, John E. Joseph, Anders Ahlqvist. aAmsterdam ;aPhiladelphia :bJ. Benjamins,cc1995. axix, 380 p. :bill.1 aAmsterdam studies in the theory and history of linguistic science. Series III, Studies in the history of the language sciences,x0304-0720 ;vv. 78 aIncludes bibliographical references and index. aElectronic reproduction.bPalo Alto, Calif. :cebrary,d2013.nAvailable via World Wide Web.nAccess may be limited to ebrary affiliated libraries. aEnglish, French, and German. 0aLinguisticsxHistoryvCongresses. 7aElectronic books.2local1 aJankowsky, Kurt R.1 aKoerner, E. F. K.1 aJoseph, John E.1 aAhlqvist, Anders.2 aebrary, Inc. 0aAmsterdam studies in the theory and history of linguistic science.nSeries III,pStudies in the history of the language sciences ;vv. 78.40uhttp://site.ebrary.com/lib/rucke/Doc?id=10509412zAn electronic book accessible through the World Wide Web; click to view